[Event "4NCL 3 South pool B"]
[Site "Reading, ENG"]
[Date "2017.01.14"]
[Round "3.51"]
[White "Rutter, Nick J"]
[Black "Cenal Gutierrez, Ruben"]
[Result "1/2-1/2"]
[WhiteElo "2215"]
[BlackElo "2150"]
[PlyCount "156"]
[EventDate "2017.01.14"]
[WhiteTeam "Shropshire 1"]
[BlackTeam "Hackney "]

1. e4 c5 2. Nf3 e6 3. d4 cxd4 4. Nxd4 Nf6 5. Nc3 d6 6. g4 Be7 7. g5 Nfd7 8. h4
Nc6 9. Be3 a6 10. Bg2 Nxd4 11. Bxd4 e5 12. Be3 b5 13. Nd5 Bb7 14. Bh3 Nc5 15.
Rg1 Bc8 16. Bxc5 dxc5 17. Bxc8 Rxc8 18. Qg4 Rc6 19. O-O-O Qc8 20. Qxc8+ Rxc8
21. Nxe7 Kxe7 22. Rd5 Ke6 23. Rgd1 Rc6 24. Rd7 Re8 25. R1d5 Rec8 26. Kd2 R8c7
27. Rd8 Rc8 28. Ke3 f6 29. R8d7 c4 30. Rxg7 R8c7 31. gxf6 c3 32. b3 Kxf6 33.
Rxc7 Rxc7 34. Rd6+ Kf7 35. Rxa6 Rd7 36. Rb6 Rd2 37. Rxb5 Ke6 38. Rc5 Rxc2 39.
a4 Kd6 40. Rc4 Rc1 41. Kd3 Rh1 42. a5 Rh3+ 43. Kc2 Rxh4 44. a6 Rf4 45. a7 Rxf2+
46. Kxc3 Rf8 47. Ra4 Ra8 48. Ra6+ Kc5 49. Re6 Rxa7 50. Rxe5+ Kc6 51. Kc4 Kd6
52. Rh5 Ke6 53. b4 Kf6 54. b5 Kg6 55. Rh1 Ra4+ 56. Kd5 Rb4 57. Rg1+ Kf7 58. Kc6
Rc4+ 59. Kb7 Rxe4 60. b6 Rb4 61. Kc7 Kf6 62. Rh1 Kg6 63. b7 Rc4+ 64. Kb8 Rb4
65. Rc1 h5 66. Kc7 Kf5 67. Rc6 Rxb7+ 68. Kxb7 h4 69. Rh6 Kg4 70. Kc6 h3 71. Kd5
Kg3 72. Ke4 h2 73. Ke3 Kg2 74. Rg6+ Kf1 75. Rf6+ Kg1 76. Rg6+ Kf1 77. Rh6 Kg1
78. Rxh2 Kxh2 1/2-1/2

[Event "4NCL 3 South pool B"]
[Site "Reading, ENG"]
[Date "2017.01.14"]
[Round "3.52"]
[White "Britton, Richard L"]
[Black "Whyte, Brian G"]
[Result "1-0"]
[WhiteElo "2146"]
[BlackElo "2080"]
[PlyCount "59"]
[EventDate "2017.01.14"]
[WhiteTeam "Hackney "]
[BlackTeam "Shropshire 1"]

1. e4 d6 2. d4 Nf6 3. Nc3 e5 4. Nf3 Nbd7 5. Bc4 Be7 6. O-O O-O 7. a4 c6 8. h3
Qc7 9. Qe2 b6 10. Bg5 a6 11. d5 c5 12. Nh4 Re8 13. Nf5 Nf8 14. h4 h6 15. Be3
Nxe4 16. Nxe7+ Qxe7 17. Nxe4 f5 18. Nc3 f4 19. Bd2 Ng6 20. g3 Rf8 21. h5 f3 22.
Qe4 Qd7 23. g4 Nh4 24. Rfe1 Ra7 25. Bd3 Rf6 26. Nd1 g6 27. g5 hxg5 28. Bxg5 Rf7
29. Qxh4 gxh5 30. Ne3 1-0

[Event "4NCL 3 South pool B"]
[Site "Reading, ENG"]
[Date "2017.01.14"]
[Round "3.53"]
[White "Bryant, Richard B E"]
[Black "Conway, Paul Bernard"]
[Result "1-0"]
[WhiteElo "2057"]
[BlackElo "1866"]
[PlyCount "100"]
[EventDate "2017.01.14"]
[WhiteTeam "Shropshire 1"]
[BlackTeam "Hackney "]

1. e4 e6 2. Nc3 d5 3. d4 Bb4 4. e5 Qd7 5. Bd2 b6 6. f4 Ba6 7. Bxa6 Nxa6 8. Qe2
Nb8 9. Nf3 Nc6 10. O-O h5 11. a3 Be7 12. b4 Nh6 13. Nd1 Nf5 14. Bc3 a5 15. b5
Nd8 16. Bb2 c6 17. a4 c5 18. c3 c4 19. Ne3 Nxe3 20. Qxe3 Nb7 21. Ng5 g6 22. Rf3
Nc5 23. Ba3 Nd3 24. Bxe7 Qxe7 25. Rh3 O-O-O 26. Rf3 Rdf8 27. Rff1 Kd7 28. Nf3
Rfg8 29. Nd2 Rc8 30. Qf3 Rc7 31. Ra2 Qh4 32. Nb1 Rhc8 33. Na3 Qe7 34. Nc2 Ke8
35. Ne3 Rd8 36. g4 hxg4 37. Nxg4 Kd7 38. Nf6+ Kc8 39. Kh1 Rh8 40. Rg1 Kb8 41.
Rg5 Rcc8 42. Qg3 Rh6 43. Kg1 Rch8 44. f5 Rh3 45. Qg4 gxf5 46. Rg8+ Rxg8 47.
Qxg8+ Kb7 48. Rg2 Rh6 49. Ne8 Nf4 50. Nd6+ Ka7 1-0

[Event "4NCL 3 South pool B"]
[Site "Reading, ENG"]
[Date "2017.01.14"]
[Round "3.54"]
[White "Rivlin, Mark"]
[Black "Hurney, Kevin"]
[Result "0-1"]
[WhiteElo "1634"]
[BlackElo "2027"]
[PlyCount "72"]
[EventDate "2017.01.14"]
[WhiteTeam "Hackney "]
[BlackTeam "Shropshire 1"]

1. e4 d6 2. d4 Nf6 3. Nc3 g6 4. Nf3 Bg7 5. Be2 O-O 6. O-O Bg4 7. Bg5 Nbd7 8.
Qd2 c5 9. d5 a6 10. a4 b6 11. h3 Bxf3 12. Bxf3 Qc7 13. Bf4 Rfd8 14. Rae1 Rab8
15. Ne2 Ne5 16. Bxe5 dxe5 17. c4 b5 18. axb5 axb5 19. b3 bxc4 20. bxc4 Rb4 21.
Rc1 Ne8 22. Ng3 Rdb8 23. Rc2 Nd6 24. Be2 Ra8 25. f4 Bh6 26. Ra2 Rxa2 27. Qxa2
Bxf4 28. Qa3 Qb7 29. Rf3 Rb1+ 30. Bf1 Nxc4 31. Qxc5 Nd2 32. Ne2 Nxf3+ 33. gxf3
Bd2 34. d6 exd6 35. Qxd6 Qa7+ 36. Kg2 Be1 0-1

[Event "4NCL 3 South pool B"]
[Site "Reading, ENG"]
[Date "2017.01.14"]
[Round "3.55"]
[White "Paul, Nathanael"]
[Black "Burgoyne, Peter A"]
[Result "0-1"]
[WhiteElo "2005"]
[BlackElo "1664"]
[PlyCount "64"]
[EventDate "2017.01.14"]
[WhiteTeam "Shropshire 1"]
[BlackTeam "Hackney "]

1. d4 Nf6 2. Nf3 g6 3. Bf4 Bg7 4. Nc3 d5 5. Qd2 c6 6. Bh6 Bxh6 7. Qxh6 Bf5 8.
Qd2 Nbd7 9. O-O-O b5 10. h3 b4 11. Nb1 Rb8 12. Ne5 Nxe5 13. dxe5 Ne4 14. Qe1
Qa5 15. g4 Be6 16. f3 Nc5 17. Qf2 Nd7 18. f4 d4 19. Qxd4 c5 20. Qd2 Qxa2 21.
Bg2 c4 22. Qd4 O-O 23. Bd5 Bxd5 24. Qxd5 Nb6 25. Qd4 Na4 26. e6 f6 27. Qxa7
Qxb2+ 28. Kd2 Nc3 29. Rc1 Nxb1+ 30. Rxb1 Qc3+ 31. Kc1 b3 32. Rb2 Ra8 0-1

[Event "4NCL 3 South pool B"]
[Site "Reading, ENG"]
[Date "2017.01.14"]
[Round "3.56"]
[White "Khalilov, Rauf"]
[Black "Gostelow, David W"]
[Result "0-1"]
[WhiteElo "1652"]
[BlackElo "1990"]
[PlyCount "70"]
[EventDate "2017.01.14"]
[WhiteTeam "Hackney "]
[BlackTeam "Shropshire 1"]

1. e4 c5 2. Nf3 Nc6 3. Bc4 e6 4. O-O a6 5. a4 d5 6. exd5 exd5 7. Re1+ Be7 8.
Bf1 Nf6 9. h3 O-O 10. d4 b6 11. Nc3 h6 12. Ne2 Re8 13. Bf4 Bd6 14. Bxd6 Qxd6
15. c3 Ra7 16. Qc2 Rae7 17. Red1 Ne4 18. Qd3 c4 19. Qc2 Bf5 20. Qc1 Na5 21. Qf4
Qe6 22. Ng3 Bh7 23. Nxe4 Bxe4 24. Re1 g5 25. Qg3 Nb3 26. Rad1 Qf5 27. Re3 Bxf3
28. Rxf3 Qc2 29. Rf6 Qxd1 30. Rxh6 Qc1 31. h4 Re1 32. Qxg5+ Qxg5 33. hxg5 R8e6
34. f4 Rxh6 35. gxh6 Nd2 0-1

[Event "4NCL 3 South pool B"]
[Site "Reading, ENG"]
[Date "2017.01.14"]
[Round "3.61"]
[White "Robertson, J Stuart"]
[Black "Moore, Graham J"]
[Result "1-0"]
[WhiteElo "2106"]
[BlackElo "2120"]
[PlyCount "119"]
[EventDate "2017.01.14"]
[WhiteTeam "Cambridge University 2"]
[BlackTeam "Anglian Avengers 2"]

1. d4 Nf6 2. c4 g6 3. Nc3 Bg7 4. e4 d6 5. Be2 O-O 6. Bg5 Na6 7. Qd2 e5 8. d5
Nc5 9. f3 a5 10. O-O-O a4 11. g4 a3 12. b3 c6 13. dxc6 bxc6 14. Qxd6 Qa5 15.
Kc2 Ne6 16. Be3 Rd8 17. Qxc6 Nd4+ 18. Bxd4 exd4 19. Na4 Bd7 20. Qc5 Bxa4 21.
Qxa5 Rxa5 22. bxa4 h5 23. h3 h4 24. Rb1 Rxa4 25. Bd3 Nd7 26. f4 Nc5 27. Nf3 Ra7
28. Nxh4 Na4 29. Rb3 Nc3 30. Ra1 Nxe4 31. f5 Nc5 32. Rb5 Nxd3 33. Kxd3 Re7 34.
fxg6 Re3+ 35. Kd2 fxg6 36. Re1 Rxh3 37. Nxg6 Rh2+ 38. Re2 Rxe2+ 39. Kxe2 d3+
40. Kd1 Kf7 41. Nf4 Rd4 42. Rb7+ Kf6 43. Nh5+ Ke5 44. Re7+ Kd6 45. Rxg7 Rxc4
46. Kd2 Rc2+ 47. Kxd3 Rxa2 48. Ng3 Rh2 49. Kd4 Rd2+ 50. Ke3 Rh2 51. Ra7 Ra2 52.
g5 Ra1 53. g6 Rb1 54. Rxa3 Kc5 55. g7 Rb8 56. Ra6 Rb3+ 57. Kf2 Rb2+ 58. Kf3 Rb8
59. Rg6 Rg8 60. Kf4 1-0

[Event "4NCL 3 South pool B"]
[Site "Reading, ENG"]
[Date "2017.01.14"]
[Round "3.62"]
[White "Wallis, Ian J"]
[Black "Stanisz, Patryk"]
[Result "1/2-1/2"]
[WhiteElo "2102"]
[BlackElo "2077"]
[PlyCount "70"]
[EventDate "2017.01.14"]
[WhiteTeam "Anglian Avengers 2"]
[BlackTeam "Cambridge University 2"]

1. e4 c5 2. Nf3 Nc6 3. d4 cxd4 4. Nxd4 Nf6 5. Nc3 e5 6. Ndb5 d6 7. Bg5 a6 8.
Na3 b5 9. Bxf6 gxf6 10. Nd5 Bg7 11. Bd3 Ne7 12. Nxe7 Qxe7 13. O-O O-O 14. c4 f5
15. cxb5 d5 16. f3 Rb8 17. Rc1 fxe4 18. fxe4 dxe4 19. Bxe4 Qg5 20. Rc3 axb5 21.
Qd6 Be6 22. Rg3 Qd8 23. Qxe5 Qb6+ 24. Kh1 f6 25. Qh5 f5 26. Qg5 Qd4 27. Bd3 f4
28. Qh6 Bf5 29. Bxf5 Rxf5 30. Qe6+ Rf7 31. Rgf3 Rb6 32. Qb3 Qxb2 33. Rxf4 Qxb3
34. axb3 Rxf4 35. Rxf4 Ra6 1/2-1/2

[Event "4NCL 3 South pool B"]
[Site "Reading, ENG"]
[Date "2017.01.14"]
[Round "3.63"]
[White "Somerfield, Adrian P"]
[Black "Moore, Geoffrey R"]
[Result "1-0"]
[WhiteElo "2092"]
[BlackElo "2080"]
[PlyCount "71"]
[EventDate "2017.01.14"]
[WhiteTeam "Cambridge University 2"]
[BlackTeam "Anglian Avengers 2"]

1. d4 Nf6 2. Nf3 g6 3. e3 Bg7 4. Be2 d6 5. O-O O-O 6. c4 Nbd7 7. Nc3 c6 8. b4
e5 9. a4 exd4 10. exd4 c5 11. Rb1 cxd4 12. Nxd4 a6 13. a5 Qc7 14. Bg5 h6 15.
Bf4 Ne5 16. Na4 Nfd7 17. Qc1 Qd8 18. Nf3 Qf6 19. Qd2 Kh7 20. Rfd1 Re8 21. Bg3
Bf8 22. Nc3 Qd8 23. Nd5 b6 24. Nxe5 dxe5 25. Nxb6 Ra7 26. Qd5 Qe7 27. c5 h5 28.
Bc4 Kg8 29. c6 Nf6 30. Nxc8 Qxb4 31. Qf3 Rxc8 32. Qxf6 Bg7 33. Qxg6 Qe7 34.
Qxh5 Rd8 35. Qxf7+ Qxf7 36. Bxf7+ 1-0

[Event "4NCL 3 South pool B"]
[Site "Reading, ENG"]
[Date "2017.01.14"]
[Round "3.64"]
[White "Gregory, Stephen J"]
[Black "Starley, Robert"]
[Result "1-0"]
[WhiteElo "2072"]
[BlackElo "2109"]
[PlyCount "63"]
[EventDate "2017.01.14"]
[WhiteTeam "Anglian Avengers 2"]
[BlackTeam "Cambridge University 2"]

1. e4 e5 2. Bc4 Nc6 3. Nf3 Bc5 4. Qe2 Nf6 5. d3 h6 6. c3 O-O 7. Nbd2 d6 8. h3
a6 9. Bb3 Nh5 10. Nf1 Be6 11. Bc2 Qf6 12. g4 Nf4 13. Bxf4 Qxf4 14. Ng3 Rad8 15.
Nh5 d5 16. Nxf4 exf4 17. d4 Bb6 18. O-O-O Na5 19. e5 Nc4 20. Qd3 g6 21. Nh4
Rfe8 22. Nxg6 fxg6 23. Qxg6+ Kf8 24. Qxh6+ Ke7 25. Qg7+ Bf7 26. e6 Kxe6 27.
Rhe1+ Ne3 28. fxe3 f3 29. e4 Rf8 30. exd5+ Kxd5 31. Qe5+ Kc6 32. Ba4# 1-0

[Event "4NCL 3 South pool B"]
[Site "Reading, ENG"]
[Date "2017.01.14"]
[Round "3.65"]
[White "Gooding, Ian"]
[Black "Peck, Silas"]
[Result "0-1"]
[WhiteElo "2054"]
[BlackElo "2020"]
[PlyCount "54"]
[EventDate "2017.01.14"]
[WhiteTeam "Cambridge University 2"]
[BlackTeam "Anglian Avengers 2"]

1. e4 e5 2. Nf3 Nc6 3. Nc3 Nf6 4. Bb5 Bb4 5. O-O O-O 6. d3 d6 7. Bg5 Bxc3 8.
bxc3 Qe7 9. Re1 Nd8 10. d4 Ne6 11. Bc1 c6 12. Bf1 Qc7 13. g3 Rd8 14. Bg2 h6 15.
Nh4 Kh7 16. f4 Qa5 17. Bb2 exf4 18. Qd3 Kh8 19. Nf5 Ng5 20. gxf4 Ngxe4 21. Bxe4
Nxe4 22. Nxh6 gxh6 23. Qxe4 Rg8+ 24. Kh1 Bf5 25. Qf3 Bg4 26. Qg2 Bh5 27. Qe4 f5
0-1

[Event "4NCL 3 South pool B"]
[Site "Reading, ENG"]
[Date "2017.01.14"]
[Round "3.66"]
[White "Burnett, Leon P"]
[Black "Chan, Nevil"]
[Result "1-0"]
[WhiteElo "1982"]
[BlackElo "2032"]
[PlyCount "103"]
[EventDate "2017.01.14"]
[WhiteTeam "Anglian Avengers 2"]
[BlackTeam "Cambridge University 2"]

1. c4 b6 2. Nf3 Bb7 3. e3 e6 4. Be2 f5 5. b3 Nf6 6. Bb2 Be7 7. Nc3 O-O 8. Qc2
Ne4 9. d3 Nxc3 10. Bxc3 Bf6 11. d4 d6 12. O-O Nd7 13. Nd2 Qe7 14. Bf3 Bxf3 15.
Nxf3 g6 16. e4 Bg7 17. e5 dxe5 18. Nxe5 Bxe5 19. dxe5 Rad8 20. Rad1 Nb8 21. b4
Rxd1 22. Rxd1 Rd8 23. b5 Rxd1+ 24. Qxd1 Qd7 25. Qf3 c6 26. a4 Kg7 27. h3 Qc7
28. Bb4 c5 29. Bc3 Qd7 30. Kh2 Qc7 31. g3 Kf7 32. h4 h5 33. Qf4 Kg7 34. Bd2 Kf7
35. Qf3 Nd7 36. Bf4 Nf8 37. Qc6 Qd7 38. a5 bxa5 39. Qxc5 Kg7 40. Be3 a4 41. Qb4
Qd1 42. Qa5 g5 43. Qxa7+ Nd7 44. Bxg5 Kg6 45. Qa8 f4 46. Qg8+ Kf5 47. Qf7+ Ke4
48. Qh7+ Kxe5 49. Bxf4+ Kf6 50. Be3 e5 51. c5 a3 52. c6 1-0

[Event "4NCL 3 South pool B"]
[Site "Reading, ENG"]
[Date "2017.01.14"]
[Round "3.71"]
[White "Farkas, Daniel"]
[Black "Howell, Chris I"]
[Result "1-0"]
[WhiteElo "2090"]
[BlackElo "1955"]
[PlyCount "51"]
[EventDate "2017.01.14"]
[WhiteTeam "Fermented Sharks"]
[BlackTeam "Sussex Martlets 2"]

1. d4 e6 2. Bf4 Nf6 3. e3 c5 4. c3 Nc6 5. Nd2 cxd4 6. exd4 Be7 7. Bd3 O-O 8. h3
b6 9. Ngf3 Bb7 10. O-O Nd5 11. Bh2 f5 12. Nc4 Ba6 13. Re1 Kh8 14. Nfe5 Nxe5 15.
Bxe5 Bf6 16. Bd6 Be7 17. Bh2 Nf6 18. a4 Ne4 19. Bxe4 fxe4 20. Nd6 Bxd6 21. Bxd6
Rf5 22. Rxe4 Qf6 23. Be5 Qf7 24. Rg4 Rg8 25. Qd2 Qf8 26. Rh4 1-0

[Event "4NCL 3 South pool B"]
[Site "Reading, ENG"]
[Date "2017.01.14"]
[Round "3.72"]
[White "Forster, Matthew"]
[Black "Okhai, Shabir"]
[Result "0-1"]
[WhiteElo "1813"]
[BlackElo "2079"]
[PlyCount "96"]
[EventDate "2017.01.14"]
[WhiteTeam "Sussex Martlets 2"]
[BlackTeam "Fermented Sharks"]

1. c4 Nf6 2. g3 e6 3. Bg2 d5 4. Nf3 c5 5. d4 cxd4 6. Nxd4 e5 7. Nb3 Bb4+ 8. Bd2
dxc4 9. Bxb4 Qxd1+ 10. Kxd1 cxb3 11. axb3 Nc6 12. Bc5 Be6 13. Nd2 Bd5 14. Bxd5
Nxd5 15. Nc4 Kd7 16. Ke1 Ke6 17. Rd1 Rhd8 18. Kf1 b6 19. Be3 b5 20. Nd2 Nxe3+
21. fxe3 Rd7 22. Kf2 Rad8 23. Rc1 Rxd2 24. Rxc6+ R8d6 25. Rxd6+ Kxd6 26. Ra1
Rxb2 27. Rxa7 Ke6 28. Ra6+ Ke7 29. h4 h5 30. Ke1 Rxb3 31. Kd2 f6 32. Ra8 Kf7
33. Ra1 Kg6 34. Rf1 b4 35. Rf3 Rb2+ 36. Kd3 f5 37. Rf2 Rb3+ 38. Kd2 e4 39. Rg2
Rb2+ 40. Kc1 Ra2 41. Rh2 Kf6 42. Rg2 g6 43. Rh2 Ke5 44. g4 hxg4 45. Rf2 Kf6 46.
Rg2 Kg7 47. Kb1 Ra3 48. Rg3 Kh6 0-1

[Event "4NCL 3 South pool B"]
[Site "Reading, ENG"]
[Date "2017.01.14"]
[Round "3.73"]
[White "Niccoli, Tony"]
[Black "Graham, Cassie M"]
[Result "0-1"]
[WhiteElo "2060"]
[BlackElo "1833"]
[PlyCount "124"]
[EventDate "2017.01.14"]
[WhiteTeam "Fermented Sharks"]
[BlackTeam "Sussex Martlets 2"]

1. e4 c5 2. Nc3 Nc6 3. f4 g6 4. Nf3 Bg7 5. Bb5 Nd4 6. O-O Nxb5 7. Nxb5 d5 8.
exd5 a6 9. Nc3 Nf6 10. d4 Nxd5 11. dxc5 Nxc3 12. Qxd8+ Kxd8 13. bxc3 Bxc3 14.
Rb1 f6 15. Rb3 Ba5 16. Nd4 Ke8 17. c3 Kf7 18. c6 b5 19. Re1 Ra7 20. Ba3 Bb6 21.
Kf2 Rd8 22. Kf3 Rc7 23. Bb4 Rd5 24. Ke4 Rh5 25. h3 a5 26. Nxb5 Rxb5 27. a4 Bf5+
28. Kf3 Rd5 29. c4 Rd4 30. Ba3 Rd3+ 31. Rxd3 Bxd3 32. c5 Ba7 33. Rd1 Bf5 34. g4
Bc8 35. Rb1 Rxc6 36. Ke4 h5 37. gxh5 gxh5 38. Rb5 Ra6 39. h4 Bd7 40. Kd5 Bc6+
41. Kc4 Ke6 42. Bc1 Kf5 43. Bd2 e5 44. fxe5 fxe5 45. Rb1 Bxa4 46. Rf1+ Kg4 47.
Kd5 Bc6+ 48. Kxe5 Bxc5 49. Rf4+ Kh3 50. Rc4 Bf2 51. Kf4 a4 52. Kg5 Bf3 53. Rc3
Kg2 54. Rc2 Kf1 55. Rc3 Bg4 56. Ra3 Bd4 57. Kf4 Bb2 58. Re3 Rf6+ 59. Kg5 Rf5+
60. Kg6 Re5 61. Rg3 a3 62. Bf4 Re4 0-1

[Event "4NCL 3 South pool B"]
[Site "Reading, ENG"]
[Date "2017.01.14"]
[Round "3.74"]
[White "Sutton, Daniel"]
[Black "George, Matthew P"]
[Result "0-1"]
[WhiteElo "1844"]
[BlackElo "1997"]
[PlyCount "46"]
[EventDate "2017.01.14"]
[WhiteTeam "Sussex Martlets 2"]
[BlackTeam "Fermented Sharks"]

1. e4 d6 2. d4 Nf6 3. Nc3 Nbd7 4. Nf3 e5 5. Bc4 Be7 6. O-O h6 7. Qe2 c6 8. a4
Qc7 9. h3 Nf8 10. Be3 g5 11. dxe5 dxe5 12. Rfd1 Ng6 13. Bxg5 hxg5 14. Nxg5 Rf8
15. Rd2 Qb6 16. Rad1 Qxb2 17. Nb5 cxb5 18. Bxb5+ Bd7 19. Rxd7 Nxd7 20. Qg4
O-O-O 21. Bxd7+ Kb8 22. Nxf7 Rxf7 23. Qxg6 Qxc2 0-1

[Event "4NCL 3 South pool B"]
[Site "Reading, ENG"]
[Date "2017.01.14"]
[Round "3.76"]
[White "Blake, J Morgan"]
[Black "Dydak, Mateusz"]
[Result "0-1"]
[WhiteElo "1799"]
[BlackElo "1859"]
[PlyCount "26"]
[EventDate "2017.01.14"]
[WhiteTeam "Sussex Martlets 2"]
[BlackTeam "Fermented Sharks"]

1. e4 e6 2. d4 d5 3. Nc3 Bb4 4. e5 c5 5. a3 Bxc3+ 6. bxc3 Qa5 7. Bd2 Qa4 8. Qb1
c4 9. Qb4 Qxc2 10. Be2 Nc6 11. Qd6 Qb2 12. Rc1 Nge7 13. g4 O-O 0-1

[Event "4NCL 3 South pool B"]
[Site "Reading, ENG"]
[Date "2017.01.14"]
[Round "3.81"]
[White "Botham, C Paul"]
[Black "Hall, John"]
[Result "0-1"]
[WhiteElo "1981"]
[BlackElo "2200"]
[PlyCount "130"]
[EventDate "2017.01.14"]
[WhiteTeam "Iceni 1"]
[BlackTeam "Leeds University Old Boys"]

1. c4 Nf6 2. Nc3 c5 3. g3 e6 4. Nf3 b6 5. Bg2 Bb7 6. O-O Be7 7. b3 O-O 8. Bb2
d5 9. cxd5 Nxd5 10. Nxd5 Bxd5 11. Qc2 Nc6 12. Rac1 Bf6 13. d3 Rc8 14. Rfe1 Bxf3
15. Bxf3 Bg5 16. Rcd1 Nd4 17. Qb1 Nxf3+ 18. exf3 Bf6 19. f4 Bd4 20. Qc2 Qf6 21.
Bc1 Rfd8 22. Be3 Rd5 23. Bxd4 Rxd4 24. Re4 Rcd8 25. Rxd4 Qxd4 26. Kf1 Qd5 27.
h4 Qf3 28. Ke1 Rd4 29. Rd2 Qd5 30. Ke2 a5 31. Rd1 Rb4 32. Rd2 h6 33. Rd1 Qf5
34. Rd2 Qg4+ 35. Ke1 Qf3 36. Qd1 Qd5 37. Qc2 a4 38. bxa4 Qa8 39. Ke2 Rxa4 40.
Qb3 Rb4 41. Qc2 Qa6 42. Ke1 Qb5 43. Ke2 Kf8 44. Qc3 Rb1 45. Qc2 Qb4 46. Kf3 Qb5
47. Ke2 Rb4 48. Qc3 Qa6 49. Qc2 Ra4 50. Qb3 Ra3 51. Qc2 Qa5 52. Qb2 b5 53. Rc2
b4 54. Rd2 Kg8 55. Qc2 Rc3 56. Qb1 Qb5 57. Ke1 g6 58. Qd1 Qa6 59. Qb1 Ra3 60.
Qc2 Rc3 61. Qb1 Qb5 62. Qd1 Qc6 63. Ke2 c4 64. d4 Qe4+ 65. Kf1 Rc1 0-1

[Event "4NCL 3 South pool B"]
[Site "Reading, ENG"]
[Date "2017.01.14"]
[Round "3.82"]
[White "Pickard, Charles"]
[Black "Feavyour, John A"]
[Result "1-0"]
[WhiteElo "2215"]
[BlackElo "1966"]
[PlyCount "106"]
[EventDate "2017.01.14"]
[WhiteTeam "Leeds University Old Boys"]
[BlackTeam "Iceni 1"]

1. c4 Nf6 2. Nc3 g6 3. e4 d6 4. d4 Bg7 5. Nf3 O-O 6. Be2 e5 7. O-O Nc6 8. d5
Ne7 9. b4 Nh5 10. Re1 Nf4 11. Bf1 f5 12. exf5 Bxf5 13. Nd2 Qd7 14. Nde4 h6 15.
f3 g5 16. g4 Bh7 17. Be3 Neg6 18. Bf2 Qe7 19. Re3 Rf7 20. c5 Nh4 21. Rc1 Bxe4
22. Nxe4 Nfg6 23. cxd6 cxd6 24. Rec3 Qd7 25. h3 Raf8 26. Be2 Nf4 27. Bxh4 gxh4
28. Bf1 Qd8 29. Rc8 Qb6+ 30. Kh1 Qxb4 31. R1c4 Qb6 32. Qb3 Nxd5 33. Rxf8+ Bxf8
34. Rc8 Qxb3 35. axb3 Nb6 36. Rd8 d5 37. Nc5 Kh7 38. Nxb7 Bb4 39. Bd3+ Kg7 40.
Nd6 Bxd6 41. Rxd6 Rxf3 42. Rg6+ Kf7 43. Bf5 Rxh3+ 44. Kg2 Rxb3 45. Rxh6 h3+ 46.
Kh2 Rf3 47. Rh7+ Kf6 48. Rxa7 Nc4 49. g5+ Kxg5 50. Bxh3 Ne3 51. Re7 Kf4 52. Bg2
Nxg2 53. Kxg2 Ra3 1-0

[Event "4NCL 3 South pool B"]
[Site "Reading, ENG"]
[Date "2017.01.14"]
[Round "3.83"]
[White "Downham, Alan F"]
[Black "McGann, Gary"]
[Result "1/2-1/2"]
[WhiteElo "1997"]
[BlackElo "2109"]
[PlyCount "201"]
[EventDate "2017.01.14"]
[WhiteTeam "Iceni 1"]
[BlackTeam "Leeds University Old Boys"]

1. c4 b6 2. Nc3 Bb7 3. e4 e6 4. g3 f5 5. d3 Nf6 6. Bg2 fxe4 7. dxe4 Bc5 8. Nh3
O-O 9. O-O e5 10. Nd5 h6 11. Kh1 Nc6 12. f4 a5 13. f5 Nd4 14. Nxf6+ Rxf6 15. g4
Rd6 16. Bd2 Bb4 17. Bxb4 axb4 18. Qc1 Qh4 19. c5 bxc5 20. Qxc5 Qe7 21. Qxb4 Ba6
22. Rf2 Nc6 23. Qb3+ Kh8 24. Qg3 Nd4 25. g5 Ne2 26. Qe3 Rd3 27. Qxe2 Rxh3 28.
Qg4 Re3 29. gxh6 gxh6 30. f6 Qf7 31. Qh4 h5 32. Bf3 Bb7 33. Bxh5 Qh7 34. f7
Bxe4+ 35. Kg1 Rf8 36. Qf6+ Qg7+ 37. Qxg7+ Kxg7 38. Rd1 d5 39. Rdf1 d4 40. Rf6
d3 41. R6f2 Bd5 42. Bd1 Rxf7 43. Rxf7+ Bxf7 44. Kf2 Rh3 45. Kg2 Rh6 46. a4 Bd5+
47. Kg3 Rg6+ 48. Kf2 Rf6+ 49. Kg1 Rg6+ 50. Kf2 Rf6+ 51. Kg1 Rb6 52. Rf5 Rxb2
53. Rxe5 c6 54. Re3 Rg2+ 55. Kf1 Rxh2 56. Ke1 Bc4 57. Bf3 Ra2 58. Bd1 d2+ 59.
Kf2 Ra1 60. Rg3+ Kf6 61. Rg1 Ke5 62. Ke3 Bb3 63. Kxd2 Bxa4 64. Re1+ Kd4 65.
Bxa4 Rxa4 66. Kc2 Ra2+ 67. Kb3 Rh2 68. Rd1+ Kc5 69. Rd3 Kb5 70. Rg3 c5 71. Rg8
Rh3+ 72. Kc2 Kb4 73. Rg4+ c4 74. Rg2 Rf3 75. Re2 Ra3 76. Re4 Ra2+ 77. Kb1 Rh2
78. Re8 Kb3 79. Rb8+ Kc3 80. Rc8 Rf2 81. Rc7 Rb2+ 82. Kc1 Rf2 83. Kb1 Rf1+ 84.
Ka2 Kd3 85. Rd7+ Kc2 86. Rc7 c3 87. Rh7 Rf2 88. Rh1 Kd2 89. Kb1 Re2 90. Rg1 Re3
91. Rg2+ Kd3 92. Rg1 Re4 93. Rg3+ Kc4 94. Rg7 Kb3 95. Rg1 Ra4 96. Rg3 Rc4 97.
Kc1 Kb4 98. Kc2 Rf4 99. Rg2 Kc4 100. Rh2 Rd4 101. Rg2 1/2-1/2

[Event "4NCL 3 South pool B"]
[Site "Reading, ENG"]
[Date "2017.01.14"]
[Round "3.84"]
[White "Deighton, Simon"]
[Black "Calvert, D Ian"]
[Result "1/2-1/2"]
[WhiteElo "2027"]
[BlackElo "1913"]
[PlyCount "65"]
[EventDate "2017.01.14"]
[WhiteTeam "Leeds University Old Boys"]
[BlackTeam "Iceni 1"]

1. d4 d5 2. c4 c6 3. Nf3 Nf6 4. Nc3 dxc4 5. a4 Bf5 6. Ne5 Nbd7 7. Nxc4 Nb6 8.
Ne5 a5 9. Bg5 h6 10. Bh4 e6 11. e4 Bh7 12. f3 Be7 13. Bf2 Nfd7 14. Nd3 Rc8 15.
Be2 O-O 16. O-O c5 17. dxc5 Nxc5 18. Nxc5 Bxc5 19. Bxc5 Rxc5 20. Qxd8 Rxd8 21.
Rfd1 Rcc8 22. Kf2 Kf8 23. Rxd8+ Rxd8 24. Ke3 f6 25. Rb1 Rc8 26. Rd1 Ke7 27. f4
Bg8 28. e5 fxe5 29. fxe5 Nc4+ 30. Kd4 Nb6 31. Ke3 Nc4+ 32. Kd4 Nb6 33. Ke3
1/2-1/2

[Event "4NCL 3 South pool B"]
[Site "Reading, ENG"]
[Date "2017.01.14"]
[Round "3.85"]
[White "Donaghay, Richard H"]
[Black "Taylor, Mark V"]
[Result "0-1"]
[WhiteElo "1889"]
[BlackElo "2003"]
[PlyCount "80"]
[EventDate "2017.01.14"]
[WhiteTeam "Iceni 1"]
[BlackTeam "Leeds University Old Boys"]

1. e4 e6 2. Qe2 c5 3. Nf3 Nc6 4. g3 g6 5. Bg2 Bg7 6. Nc3 Nge7 7. d3 O-O 8. O-O
d6 9. Bg5 f6 10. Be3 e5 11. Qd2 Be6 12. Ne2 b6 13. c4 Qd7 14. a3 a5 15. Nc3
Rfb8 16. Ne1 Na7 17. d4 Nac6 18. f4 Rf8 19. Nf3 Rab8 20. Nh4 f5 21. b3 exf4 22.
Bxf4 Nxd4 23. Rab1 Kh8 24. Bh6 fxe4 25. Bxg7+ Kxg7 26. Nxe4 Nef5 27. Nxf5+ Bxf5
28. Nc3 Rbe8 29. Be4 Bxe4 30. Nxe4 Nf3+ 31. Rxf3 Rxf3 32. Kg2 Ref8 33. Qc3+ Kg8
34. Re1 d5 35. cxd5 Qxd5 36. Qc4 Rd3 37. Qxd5+ Rxd5 38. Re3 h6 39. h4 Kg7 40.
Kh3 Rfd8 0-1

[Event "4NCL 3 South pool B"]
[Site "Reading, ENG"]
[Date "2017.01.14"]
[Round "3.86"]
[White "Harvey, John"]
[Black "Lovell, Steve"]
[Result "1/2-1/2"]
[WhiteElo "1750"]
[BlackElo "1794"]
[PlyCount "69"]
[EventDate "2017.01.14"]
[WhiteTeam "Leeds University Old Boys"]
[BlackTeam "Iceni 1"]

1. e4 e5 2. f4 d5 3. exd5 e4 4. Bb5+ c6 5. dxc6 bxc6 6. Bc4 Nf6 7. d3 Bc5 8. c3
exd3 9. Qxd3 O-O 10. Qxd8 Rxd8 11. Ne2 Bg4 12. Nd2 Nbd7 13. h3 Bxe2 14. Bxe2
Nb6 15. Nb3 Bd6 16. O-O Re8 17. Bf3 Rac8 18. Nd4 Bc5 19. b3 Nbd5 20. Bb2 Bxd4+
21. cxd4 Nxf4 22. Rae1 Rxe1 23. Rxe1 Nd3 24. Re2 Nxb2 25. Rxb2 Rd8 26. Rd2 Nd5
27. Kf2 f6 28. a3 Ne7 29. Ke3 Kf7 30. g4 Nd5+ 31. Kd3 Ke6 32. Rc2 Kd6 33. Rc5
Re8 34. Bxd5 cxd5 35. Ra5 1/2-1/2